Statistics for Most Expensive Football XI

Click here to take the quiz!

General Stats

  • This quiz has been taken 151 times
  • The average score is 7 of 11

Answer Stats

PositionPlayerFrom leagueValue in €% Correct
FKylian MbappéLigue1180 mil.
90%
DVirgil van DijkPremier League80 mil.
74%
MNeymarLigue1128 mil.
70%
GKJan OblakLa Liga90 mil.
69%
FErling HaalandBundesliga (GER)110 mil.
68%
FHarry KanePremier League120 mil.
60%
MKevin De BruynePremier League120 mil.
59%
MMohamed SalahPremier League120 mil.
53%
DAlphonso DaviesBundesliga (GER)75 mil.
52%
DTrent Alexander-ArnoldPremier League110 mil.
48%
MSadio ManéPremier League120 mil.
46%

Score Distribution

Percentile by Number Answered

Percent of People with Each Score

Your Score History

You have not taken this quiz